000 00308nam a22001457a 4500
003 SGT
082 _a340,MAR
100 _aMARKANDA,P.C.
245 _aLAW RELATING TO ARBITRATION
250 _a8TH
260 _aINDIA
_bLEXIS NEXIS
_c2013
300 _a1570
650 _a ARBITRTION
942 _2ddc
_cBK
_01
999 _c10311
_d10311